书目信息 |
| 题名: |
让课堂更精彩!
|
|
| 作者: | 缪亮 主编 | |
| 分册: | ||
| 出版信息: | 北京 清华大学出版社 2018.04 |
|
| 页数: | 233页 | |
| 开本: | 27cm | |
| 丛书名: | ||
| 单 册: | ||
| 中图分类: | G436 | |
| 科图分类: | ||
| 主题词: | 多媒体课件--图形软件 | |
| 电子资源: | ||
| ISBN: | 978-7-302-49604-5 | |
| 000 | 01113nam0 2200265 450 | |
| 001 | 0120182435178 | |
| 005 | 20180906145308.64 | |
| 010 | @a978-7-302-49604-5@dCNY69.90 | |
| 100 | @a20180411d2018 em y0chiy50 ea | |
| 101 | 0 | @achi |
| 102 | @aCN@b110000 | |
| 105 | @aa z 000yy | |
| 106 | @ar | |
| 200 | 1 | @a让课堂更精彩!@9rang ke tang geng jing cai !@e精通PPT课件设计与制作@e微课版@f缪亮主编 |
| 205 | @a2版 | |
| 210 | @a北京@c清华大学出版社@d2018.04 | |
| 215 | @a233页@d27cm | |
| 330 | @a本书以课件实例为主线,注重教学设计与课件制作技术的有机结合,系统讲解了利用PowerPoint设计与制作多媒体课件的理论、方法和技巧。全书共包括11章,详细介绍了课件设计理论,讲解了PPT课件中的文字、图形和图示、图像、图表、声音和视频、动画等多媒体元素的设计,介绍了PPT课件界面设计、交互设计、典型PPT课件应用解析、顺畅地播放PPT课件等知识。 | |
| 333 | @a多媒体课件制作研究人员 | |
| 517 | 1 | @a精通PPT课件设计与制作@9jing tong PPT ke jian she ji yu zhi zuo |
| 606 | 0 | @a多媒体课件@x图形软件 |
| 690 | @aG436@v5 | |
| 701 | 0 | @a缪亮@9mou liang@4主编 |
| 801 | 0 | @aCN@b人天书店@c20180411 |
| 905 | @b1087443-47@dG436@e154=2@f5 | |
| 让课堂更精彩!:精通PPT课件设计与制作:微课版/缪亮主编.-2版.-北京:清华大学出版社,2018.04 |
| 233页;27cm |
| 使用对象:多媒体课件制作研究人员 |
| ISBN 978-7-302-49604-5:CNY69.90 |
| 本书以课件实例为主线,注重教学设计与课件制作技术的有机结合,系统讲解了利用PowerPoint设计与制作多媒体课件的理论、方法和技巧。全书共包括11章,详细介绍了课件设计理论,讲解了PPT课件中的文字、图形和图示、图像、图表、声音和视频、动画等多媒体元素的设计,介绍了PPT课件界面设计、交互设计、典型PPT课件应用解析、顺畅地播放PPT课件等知识。 |
| ● |
| 相关链接 |
|
|
|
|
正题名:让课堂更精彩!
索取号:G436/154=2
 
预约/预借
| 序号 | 登录号 | 条形码 | 馆藏地/架位号 | 状态 | 备注 |
| 1 | 1087443 | 210874437 | 第一样本阅览室/ [索取号:G436/154=2] | 在馆 | |
| 2 | 1087444 | 210874446 | 教育系资料室/ [索取号:G436/154=2] | 在馆 | |
| 3 | 1087445 | 210874455 | 教育系资料室/ [索取号:G436/154=2] | 在馆 | |
| 4 | 1087446 | 210874464 | 第四借阅区/ [索取号:G436/154=2] | 在馆 | |
| 5 | 1087447 | 210874473 | 第四借阅区/ [索取号:G436/154=2] | 在馆 |